صغار الحيوانات / (رقم التسجيلة. 102086)

تفاصيل مارك
000 -LEADER
fixed length control field 00639nam a22001937a 4500
005 - DATE AND TIME OF LATEST TRANSACTION
control field 20251108173347.0
008 - FIXED-LENGTH DATA ELEMENTS--GENERAL INFORMATION
fixed length control field 250721s2000 xx 000 0 ara d
020 ## - INTERNATIONAL STANDARD BOOK NUMBER
International Standard Book Number 9953100926
082 14 - DEWEY DECIMAL CLASSIFICATION NUMBER
Classification number م/ط/591.3/مكت
245 10 - TITLE STATEMENT
Title صغار الحيوانات /
264 1# - PRODUCTION, PUBLICATION, DISTRIBUTION, MANUFACTURE, AND COPYRIGHT NOTICE
Place of production, publication, distribution, manufacture بيروت :
Name of producer, publisher, distributor, manufacturer مكتبة لبنان ناشرون،
Date of production, publication, distribution, manufacture, or copyright notice 2000.
300 ## - PHYSICAL DESCRIPTION
Extent 32 ص. : مص.
490 0# - SERIES STATEMENT
Series statement كتب الفراشة : سلسلة الناشئون
650 17 - SUBJECT ADDED ENTRY--TOPICAL TERM
Topical term or geographic name as entry element صغار الحيوان
653 ## - INDEX TERM--UNCONTROLLED
Uncontrolled term أطفال مرحلة متوسطة (6-9 سنوات)
710 2# - ADDED ENTRY--CORPORATE NAME
Corporate name or jurisdiction name as entry element مكتبة لبنان : دائرة النشر
942 ## - ADDED ENTRY ELEMENTS (KOHA)
Source of classification or shelving scheme Dewey Decimal Classification
Koha item type مراجع
المقتنيات
حالة السحب حالة الفقدان مصدر التصنيف حالة التلف غير قابل للإعارة المكتبة الرئيسية المكتبة الحالية موقع الرف تاريخ التزويد الرقم المتسلسل Total Checkouts رقم الإستدعاء الباركود تاريخ آخر ظهور تاريخ الفاتورة نوع المادة (كوها)
    Dewey Decimal Classification     مكتبة أم المؤمنين للأطفال مكتبة أم المؤمنين للأطفال الأطفال 28/07/2025 430637   م/ط/591.3/مكت 430637 28/07/2025 28/07/2025 مراجع
    Dewey Decimal Classification     مكتبة الأميرة سلمى مكتبة الأميرة سلمى الأطفال 28/07/2025 568267   م/ط/591.3/مكت 568267 28/07/2025 28/07/2025 مراجع
    Dewey Decimal Classification   Not For Loan مكتبة البراعم الواعدة مكتبة البراعم الواعدة مراجع 09/09/2015 1601021   م/ط/591.3/مكت PLD00345700 28/07/2025 09/09/2015 مراجع
    Dewey Decimal Classification   Not For Loan مكتبة الياسمين للأطفال مكتبة الياسمين للأطفال الأطفال 18/03/2014 556990   م/ط/591.3/مكت PLD00295332 28/07/2025 18/03/2014 مراجع
Implemented & Customized by: BBB with SCIT (Smart Chains for Information Technology)

Powered by Koha